| 000 | 00471nam a2200193Ia 4500 | ||
|---|---|---|---|
| 003 | OSt | ||
| 005 | 20260408114929.0 | ||
| 008 | 250729s2011 xx 000 0 und d | ||
| 020 | _a978-0751364361 | ||
| 040 | _cAL | ||
| 041 | _aeng | ||
| 082 | _a423 DORI | ||
| 100 |
_aDorlingkind ersley _9230879 |
||
| 245 | _aIllustrated oxford dictionary | ||
| 260 |
_aLondon _bOxford University Press _c2011 |
||
| 300 | _a800p | ||
| 650 |
_aEnglish _9230880 |
||
| 942 |
_2ddc _cBED |
||
| 999 |
_c239002 _d239002 |
||